000 00279nam a2200109Ia 4500
008 200302s9999 xx 000 0 und d
100 _aAlex Vedder
245 _aHandbook of landscape architecture Vol - 2
260 _bCallisto Reference Published
260 _c2015
300 _a328
999 _c6761
_d6761